000
00318nam a22001217a 4500
040
_c
HS
082
_a
338
100
_a
ផេង សុខាំ
245
_a
ការត្រួតពិនិត្យសាច់សត្វ
260
_a
Cambodia
_b
ផេង សុខាំ
_c
2000
300
_a
28p;
942
_c
KB
999
_c
9870
_d
9870